Present knowledge in nutrition (11th edition) (Record no. 54389)

MARC details
000 -LEADER
fixed length control field 00823nam a2200217 a 4500
008 - FIXED-LENGTH DATA ELEMENTS--GENERAL INFORMATION
fixed length control field 211206s2020 ||||||||||||||||| || u
020 ## - INTERNATIONAL STANDARD BOOK NUMBER
International Standard Book Number 9780128184608
050 ## - LIBRARY OF CONGRESS CALL NUMBER
Classification number RA 784 Mar
100 ## - MAIN ENTRY--PERSONAL NAME
Personal name Yates, Allison A
245 10 - TITLE STATEMENT
Title Present knowledge in nutrition (11th edition)
Statement of responsibility, etc. Edited by Bernadette P. Marriott; Diane F. Birt; Virginia A. Stallings and Allison A. Yates
250 ## - EDITION STATEMENT
Edition statement 11th edition
260 ## - PUBLICATION, DISTRIBUTION, ETC.
Place of publication, distribution, etc. Oxford
Name of publisher, distributor, etc. Charlotte Cockle
Date of publication, distribution, etc. 2020
300 ## - PHYSICAL DESCRIPTION
Extent xix, 650 pages: illustrations
350 ## - PRICE (NR) (BK AM CF MU VM SE) [OBSOLETE]
Price 139.30
650 #0 - SUBJECT ADDED ENTRY--TOPICAL TERM
Topical term or geographic name entry element DIET THERAPY
650 #0 - SUBJECT ADDED ENTRY--TOPICAL TERM
Topical term or geographic name entry element NUTRITION
700 ## - ADDED ENTRY--PERSONAL NAME
Personal name Stallings, Virginia A
700 ## - ADDED ENTRY--PERSONAL NAME
Personal name Marriot, Bernadette P
700 ## - ADDED ENTRY--PERSONAL NAME
Personal name Birt, Diane F
995 ## - RECOMMENDATION 995 [LOCAL, UNIMARC FRANCE]
-- CBU-MAIN LIBRARY (Kitwe)
-- 139.30
-- AVAILABLE
-- Dec 7, 2021
-- Main Library Open Access Collection
Holdings
Withdrawn status Lost status Source of classification or shelving scheme Damaged status Not for loan Home library Current library Shelving location Date acquired Total Checkouts Full call number Barcode Date last seen Price effective from Koha item type
          CBU-MAIN LIBRARY, KITWE. CBU-MAIN LIBRARY, KITWE.   11/30/2022   RA 784 Mar 751448 11/30/2022 11/30/2022 MONOGRAPH